000
00333 a2200157 4500
001
61717
020
_a
9783191072551
040
_c
Anchieta - Pituba
100
_a
Verlag, Hueber
240
1
0
_a
Lösungsschlüssel
_l
por
245
1
0
_a
Lösungsschlüssel
300
_a
67
362
0
_a
2001
650
4
_a
Língua alemã
942
_c
BK
999
_c
61717
_d
61717